000 00311 a2200157 4500
001 61117
020 _a8526216058
040 _cAnchieta - Pituba
100 _aBarreto, Lima
240 1 0 _aMulher
_lpor
245 1 0 _aMulher
300 _a107
362 0 _a1990
650 4 _aFicção brasileira
942 _cBK
999 _c61117
_d61117